000
00280nam a2200097Ia 4500
008
240331s9999 xx 000 0 und d
082
_a
082
_b
JOU
100
_a
Royal asiatic society
245
0
_a
Journal of the Ceylon branch of theroyalasiaticsociety 1865-66 :
_b
part 1 no 14
942
_c
L
999
_c
658
_d
658